Free points - Statystyki

Ogólne statystyki
  • Ten quiz został rozwiązany 65 razy
  • Średni wynik to 12 z 15
Statystyki odpowiedzi
Zagadnienie Odpowiedź % Poprawnych
2 2
96%
3 3
89%
69 69
89%
34567383910 34567383910
85%
5109 5109
81%
56 56
81%
8 8
81%
90 90
81%
1 1
78%
D D
78%
+ +
74%
# #
74%
15 15
74%
5399 5399
74%
9377 9377
74%
Nie znaleziono quizów pasujących do podanych kryteriów
Rozkład punktacji
Procent ludzi z każdym wynikiem
Percentyl według liczby udzielonych odpowiedzi
Twoja historia wyników
Nie rozwiązałeś tego quizu